Catálogo Biblioteca Central

La dignidad de los trabajadores (Registro nro. 218701)

Detalles MARC
000 -CABECERA
campo de control de longitud fija 00994naa a22002537a 4500
001 - NÚMERO DE CONTROL
campo de control 218701
003 - IDENTIFICADOR DEL NÚMERO DE CONTROL
campo de control ES-MaBCM
005 - FECHA Y HORA DE LA ÚLTIMA TRANSACCIÓN
campo de control 20231108062632.0
008 - CÓDIGOS DE INFORMACIÓN DE LONGITUD FIJA
campo de control de longitud fija 210628t2021 sp |||||r|||| 00| 0 spa d
035 ## - NÚMERO DE CONTROL DEL SISTEMA
Número de control de sistema (OCoLC)1293147062
040 ## - FUENTE DE LA CATALOGACIÓN
Centro transcriptor ES-MaBCM
100 1# - PUNTO DE ACCESO PRINCIPAL - NOMBRE DE PERSONA
9 (RLIN) 31837
Nombre de persona Monereo Pérez, José Luis
245 13 - MENCIÓN DE TÍTULO
Título La dignidad de los trabajadores
Resto del título : la dignidad como principio fundante y como derecho fundamental = The dignity of workers: dignity as a founding priciple and as a fundamental right
Mención de responsabilidad etc. Tomás Sala Franco
504 ## - NOTA DE BIBLIOGRAFÍA, ETC.
Nota de bibliografía etc. Bibliografía: p. 78-86
650 #7 - PUNTO DE ACCESO ADICIONAL DE MATERIA--TÉRMINO DE MATERIA
Término de materia o nombre geográfico como elemento inicial Derecho laboral
Fuente del encabezamiento o término
9 (RLIN) 58334
650 #7 - PUNTO DE ACCESO ADICIONAL DE MATERIA--TÉRMINO DE MATERIA
Término de materia o nombre geográfico como elemento inicial Clase obrera
Fuente del encabezamiento o término
9 (RLIN) 57930
650 #7 - PUNTO DE ACCESO ADICIONAL DE MATERIA--TÉRMINO DE MATERIA
Término de materia o nombre geográfico como elemento inicial Derecho del individuo
Fuente del encabezamiento o término
9 (RLIN) 58361
650 #7 - PUNTO DE ACCESO ADICIONAL DE MATERIA--TÉRMINO DE MATERIA
Término de materia o nombre geográfico como elemento inicial Derecho al trabajo
Fuente del encabezamiento o término
9 (RLIN) 58293
650 #7 - PUNTO DE ACCESO ADICIONAL DE MATERIA--TÉRMINO DE MATERIA
Término de materia o nombre geográfico como elemento inicial Ética
Fuente del encabezamiento o término
9 (RLIN) 58639
650 #0 - PUNTO DE ACCESO ADICIONAL DE MATERIA--TÉRMINO DE MATERIA
Término de materia o nombre geográfico como elemento inicial Estatuto del trabajador
9 (RLIN) 124559
651 #4 - PUNTO DE ACCESO ADICIONAL DE MATERIA--NOMBRE GEOGRÁFICO
Nombre geográfico Europa
9 (RLIN) 115402
773 0# - ENLACE AL DOCUMENTO FUENTE
Lugar editor y fecha de publicación Cizur Menor (Navarra)
Parte(s) relacionada(s) n. 239 (febr. 2021), p. 51-86 - Loc. S.139
Título Civitas Revista española de derecho del trabajo
Número de control del registro relacionado 104562
942 ## - ELEMENTOS DE PUNTO DE ACCESO ADICIONAL (KOHA)
Fuente del sistema de clasificación o colocación Universal Decimal Classification
Tipo de ítem Koha Artículos de revistas
Existencias
Estado de retiro Estado de pérdida Fuente del sistema de clasificación o colocación Estado dañado No para préstamo Localización permanente Ubicación/localización actual Ubicación en estantería Fecha de adquisición Fuente de adquisición Fecha visto por última vez Precio válido a partir de Tipo de ítem Koha
    Universal Decimal Classification     Biblioteca Central del Ministerio de la Presidencia Biblioteca Central del Ministerio de la Presidencia Sala 28/06/2021 Compra 28/06/2021 28/06/2021 Artículos de revistas